日本資本主義の米価問題
Gardado en:
| Autor Principal: | |
|---|---|
| Formato: | Libro |
| Idioma: | Undetermined |
| Publicado: |
東京
亜紀書房
1971
|
| Những chủ đề: | |
| Các nhãn: |
Engadir etiqueta
Sen Etiquetas, Sexa o primeiro en etiquetar este rexistro!
|
| Thư viện lưu trữ: | Trung tâm Học liệu Trường Đại học Cần Thơ |
|---|
| LEADER | 00533nam a2200193Ia 4500 | ||
|---|---|---|---|
| 001 | CTU_82502 | ||
| 008 | 210402s9999 xx 000 0 und d | ||
| 082 | |a 338.1 | ||
| 082 | |b I.58 | ||
| 100 | |a 井上周八(いのうえ しゆうはち) | ||
| 245 | 0 | |a 日本資本主義の米価問題 | |
| 245 | 0 | |c 井上周八 | |
| 260 | |a 東京 | ||
| 260 | |b 亜紀書房 | ||
| 260 | |c 1971 | ||
| 650 | |a Agriculture | ||
| 650 | |x Economic aspects | ||
| 904 | |i Ngoc, Qhieu | ||
| 980 | |a Trung tâm Học liệu Trường Đại học Cần Thơ | ||